Matemática discreta con apoyo de software / (Registro nro. 30615)

Detalles MARC
000 -LEADER
fixed length control field 00304nam a22000977a 4500
008 - FIXED-LENGTH DATA ELEMENTS--GENERAL INFORMATION
fixed length control field 240219b |||||||| |||| 00| 0 eng d
082 ## - DEWEY DECIMAL CLASSIFICATION NUMBER
Classification number 511.1 V45m EJ.1
100 10 - MAIN ENTRY--PERSONAL NAME
Personal name Vílchez Quesada, Enrique
Relator term autor
9 (RLIN) 43442
245 ## - TITLE STATEMENT
Title Matemática discreta con apoyo de software /
Statement of responsibility, etc. Enrique Vílchez Quesada
942 ## - ADDED ENTRY ELEMENTS (KOHA)
Source of classification or shelving scheme Dewey Decimal Classification
Existencias
Withdrawn status Lost status Source of classification or shelving scheme Damaged status Not for loan Home library Current library Shelving location Date acquired Total Checkouts Full call number Barcode Date last seen Date last checked out Price effective from Non-public note Koha item type Public note
    Dewey Decimal Classification     Biblored Biblioteca Pública José María del Castillo y Rada General Stacks 02/19/2024 1 511.1 V45m EJ.1 00000014131517 02/26/2024 02/19/2024 02/19/2024 sucio general Books Material Interbibliotecario BibloRed